Countries with Blue on their Flag - Picture Quiz - Statistics

General Stats
  • This quiz has been taken 17 times
  • The average score is 72 of 99
Answer Stats
Picture Answer % Correct
Argentina
89%
Australia
89%
Cambodia
89%
Chile
89%
Colombia
89%
Costa Rica
89%
Croatia
89%
D.R.Congo
89%
Estonia
89%
France
89%
Greece
89%
Iceland
89%
India
89%
Israel
89%
Kazakhstan
89%
Laos
89%
Luxembourg
89%
Malaysia
89%
Moldova
89%
Montenegro
89%
Nepal
89%
Netherlands
89%
New Zealand
89%
North Korea
89%
Norway
89%
Panama
89%
Philippines
89%
Russia
89%
South Korea
89%
Sweden
89%
Taiwan
89%
Thailand
89%
Ukraine
89%
United Kingdom
89%
United States
89%
Venezuela
89%
Andorra
78%
Antigua and Barbuda
78%
Armenia
78%
Azerbaijan
78%
Bahamas
78%
Central African Republic
78%
Cuba
78%
Czech Republic
78%
Ecuador
78%
Eritrea
78%
Fiji
78%
Finland
78%
Gambia
78%
Kosovo
78%
Paraguay
78%
Serbia
78%
Slovakia
78%
Slovenia
78%
South Africa
78%
Tanzania
78%
Uruguay
78%
Uzbekistan
78%
Botswana
67%
Chad
67%
Dominican Republic
67%
El Salvador
67%
Eswatini
67%
Ethiopia
67%
Haiti
67%
Honduras
67%
Lesotho
67%
Marshall Islands
67%
Mauritius
67%
Mongolia
67%
Namibia
67%
Nicaragua
67%
Romania
67%
Saint Vincent and the Grenadines
67%
San Marino
67%
Seychelles
67%
South Sudan
67%
Barbados
56%
Belize
56%
Comoros
56%
Djibouti
56%
Federated States of Micronesia
56%
Guatemala
56%
Kiribati
56%
Liberia
56%
Nauru
56%
Palau
56%
Saint Lucia
56%
Samoa
56%
Solomon Islands
56%
Tuvalu
56%
Cape Verde
44%
Equatorial Guinea
44%
Gabon
44%
Rwanda
33%
Sierra Leone
33%
Bosnia and Herzgovenia
0%
Lietchtenstein
0%
Solmalia
0%
No matching quizzes found
Score Distribution
Percent of People with Each Score
Percentile by Number Answered
Your Score History
You have not taken this quiz